[Event "Werther Schloss op 25th"]
[Site "Werther"]
[Date "2019.04.14"]
[Round "7"]
[White "Genov, Petar"]
[Black "Gungl, Theo"]
[Result "1/2-1/2"]
[WhiteElo "2431"]
[BlackElo "2329"]
[PlyCount "29"]
[EventDate "2019.04.11"]
[EventType "swiss"]
[EventRounds "7"]
[EventCountry "GER"]
[SourceTitle "CBM 189 Extra"]
[Source "ChessBase"]
[SourceDate "2019.06.03"]
[SourceVersion "1"]
[SourceVersionDate "2019.06.03"]
[SourceQuality "1"]

1. c4 c6 2. Nf3 d5 3. d4 Nf6 4. Qc2 dxc4 5. Qxc4 Bg4 6. Nc3 Nbd7 7. e4 Bxf3 8. gxf3 e5 9. Be3 exd4 10. Bxd4 Bd6 11. 0-0-0 Qc7 12. Bh3 Ne5 13. Qb3 Ng6 14. Bxf6 gxf6 15. Kb1 1/2-1/2

[Event "FIN-chT 1819"]
[Site "Finland"]
[Date "2019.04.05"]
[Round "9.2"]
[White "Genov, Petar"]
[Black "Turov, Maxim"]
[Result "1/2-1/2"]
[WhiteElo "2433"]
[BlackElo "2575"]
[PlyCount "54"]
[EventDate "2018.09.15"]
[EventType "team-tourn"]
[EventRounds "11"]
[EventCountry "FIN"]
[SourceTitle "CBM 189 Extra"]
[Source "ChessBase"]
[SourceDate "2019.06.03"]
[SourceVersion "1"]
[SourceVersionDate "2019.06.03"]
[SourceQuality "1"]
[WhiteTeam "Kotka KymS"]
[BlackTeam "Turku TuTS"]
[WhiteTeamCountry "FIN"]
[BlackTeamCountry "FIN"]

1. Nf3 Nf6 2. c4 g6 3. b3 d6 4. Bb2 Bg7 5. g3 0-0 6. Bg2 e5 7. 0-0 Nh5 8. Nc3 f5 9. d3 Nc6 10. e3 f4 11. Ne4 fxe3 12. fxe3 Bg4 13. Qd2 Bh6 14. Nh4 Qd7 15. Rxf8+ Rxf8 16. Rf1 Rxf1+ 17. Kxf1 Qf7+ 18. Nf2 Nd4 19. Bd5 Be6 20. Bxe6 Nxe6 21. Kg2 Nf6 22. Qe2 Bg7 23. Nf3 Qe8 24. Nd2 Qc6+ 25. Kg1 Qa6 26. a3 Qb6 27. b4 Qc6 1/2-1/2

[Event "Ferreira do Alentejo op 1st"]
[Site "Ferreira do Alentejo"]
[Date "2018.09.28"]
[Round "5"]
[White "Genov, Petar"]
[Black "Basso, Pier Luigi"]
[Result "1/2-1/2"]
[WhiteElo "2433"]
[BlackElo "2516"]
[PlyCount "86"]
[EventDate "2018.09.26"]
[EventType "swiss"]
[EventRounds "9"]
[EventCountry "POR"]
[SourceTitle "CBM 186 Extra"]
[Source "ChessBase"]
[SourceDate "2018.08.24"]
[SourceVersion "1"]
[SourceVersionDate "2018.08.24"]
[SourceQuality "1"]

1. Nf3 d5 2. d4 Nf6 3. c4 c6 4. cxd5 cxd5 5. Nc3 Nc6 6. Bf4 e6 7. e3 Nh5 8. Bg3 Nxg3 9. hxg3 g6 10. Bd3 Bg7 11. Rc1 0-0 12. a3 Bd7 13. 0-0 Rc8 14. Nd2 e5 15. dxe5 Nxe5 16. Nf3 Nc4 17. Qb3 Be6 18. Bxc4 dxc4 19. Qxb7 Qa5 20. Nd4 Bxd4 21. exd4 Rb8 22. Qe7 Rfe8 23. Qh4 Bf5 24. Rfe1 Qd8 25. Rxe8+ Qxe8 26. Nd5 Qe2 27. Ne7+ Kf8 28. Nxf5 gxf5 29. Qh6+ Kg8 30. Qe3 Rxb2 31. Qxe2 Rxe2 32. Rxc4 Re1+ 33. Kh2 Rd1 34. Ra4 Kg7 35. Rxa7 Rxd4 36. Rb7 Rd2 37. f3 Ra2 38. Ra7 Ra1 39. Ra4 h5 40. g4 hxg4 41. fxg4 f4 42. Ra6 f6 43. Ra5 Kg6 1/2-1/2

[Event "Ferreira do Alentejo op 1st"]
[Site "Ferreira do Alentejo"]
[Date "2018.09.27"]
[Round "2"]
[White "Kunin, Vitaly L"]
[Black "Genov, Petar"]
[Result "1/2-1/2"]
[WhiteElo "2557"]
[BlackElo "2433"]
[PlyCount "87"]
[EventDate "2018.09.26"]
[EventType "swiss"]
[EventRounds "9"]
[EventCountry "POR"]
[SourceTitle "CBM 186 Extra"]
[Source "ChessBase"]
[SourceDate "2018.08.24"]
[SourceVersion "1"]
[SourceVersionDate "2018.08.24"]
[SourceQuality "1"]

1. Nf3 d5 2. g3 Nf6 3. Bg2 g6 4. 0-0 Bg7 5. d3 0-0 6. Nbd2 Nbd7 7. e4 dxe4 8. dxe4 Nc5 9. e5 Nfe4 10. Nxe4 Nxe4 11. Qe2 Nc5 12. Be3 Ne6 13. Rad1 Qe8 14. Qd2 c6 15. Bh6 Qd8 16. Qc1 Qc7 17. h4 Rd8 18. Bxg7 Nxg7 19. Qh6 Nf5 20. Qf4 Be6 21. Ng5 Ng7 22. Bh3 Nf5 23. Bxf5 gxf5 24. g4 Rxd1 25. Rxd1 Rd8 26. Rxd8+ Qxd8 27. Nxe6 Qd1+ 28. Kh2 fxe6 29. gxf5 Qxc2 30. fxe6 Qg6 31. Qg3 Kf8 32. Qb3 Qg4 33. Qh3 Qf4+ 34. Qg3 Qf5 35. f4 Qxe6 36. Qg5 h6 37. Qh5 Kg7 38. b3 Qg6 39. Qe2 h5 40. Qf3 Qc2+ 41. Kg3 Qg6+ 42. Kf2 Qc2+ 43. Kg3 Qg6+ 44. Kf2 1/2-1/2

[Event "Presolana op 38th"]
[Site "Presolana"]
[Date "2018.08.25"]
[Round "8"]
[White "Genov, Petar"]
[Black "Efimov, Igor"]
[Result "1/2-1/2"]
[WhiteElo "2431"]
[BlackElo "2430"]
[PlyCount "35"]
[EventDate "2018.08.18"]
[EventType "swiss"]
[EventRounds "9"]
[EventCountry "ITA"]
[SourceTitle "CBM 186 Extra"]
[Source "ChessBase"]
[SourceDate "2018.08.24"]
[SourceVersion "1"]
[SourceVersionDate "2018.08.24"]
[SourceQuality "1"]

1. Nf3 Nf6 2. c4 c6 3. b3 d6 4. Bb2 e5 5. e3 Bg4 6. h3 Bh5 7. Be2 Na6 8. d3 Be7 9. Nbd2 0-0 10. 0-0 Nd7 11. d4 exd4 12. Nxd4 Bxe2 13. Qxe2 Re8 14. Rfd1 Bf6 15. Nf1 g6 16. Nf3 Qe7 17. Ng3 Rad8 18. Rab1 1/2-1/2

[Event "Lueneburg op-A"]
[Site "Lueneburg"]
[Date "2018.07.09"]
[Round "5"]
[White "Genov, Petar"]
[Black "Utiatskaja, Irina"]
[Result "1/2-1/2"]
[WhiteElo "2435"]
[BlackElo "2155"]
[PlyCount "77"]
[EventDate "2018.07.06"]
[EventType "swiss"]
[EventRounds "9"]
[EventCountry "GER"]
[SourceTitle "CBM 185 Extra"]
[Source "ChessBase"]
[SourceDate "2018.07.29"]
[SourceVersion "1"]
[SourceVersionDate "2018.07.29"]
[SourceQuality "1"]

1. d4 d5 2. Nf3 Nf6 3. e3 g6 4. Be2 c5 5. 0-0 Bg7 6. b3 0-0 7. Bb2 cxd4 8. exd4 Nc6 9. Nbd2 Ne4 10. Bd3 Nc5 11. Bb5 Ne6 12. c3 Nf4 13. g3 Nh5 14. Re1 Bg4 15. Be2 Re8 16. Ne5 Bxe2 17. Qxe2 Nf6 18. Ndf3 Ne4 19. c4 Nd6 20. Rac1 dxc4 21. bxc4 e6 22. Nxc6 bxc6 23. Ne5 Rc8 24. Qf3 Qc7 25. Ba1 Nf5 26. Qe4 Nd6 27. Qf3 Nf5 28. Qe4 Nd6 29. Qe2 Nf5 30. f4 Rcd8 31. Qe4 c5 32. dxc5 Qxc5+ 33. Kh1 Rd2 34. Re2 Qa3 35. Rce1 Qxa2 36. Rxd2 Qxd2 37. c5 Qd5 38. Qxd5 exd5 39. Rb1 1/2-1/2

[Event "Lueneburg op-A"]
[Site "Lueneburg"]
[Date "2018.07.08"]
[Round "4"]
[White "Vorobiov, Evgeny E"]
[Black "Genov, Petar"]
[Result "1-0"]
[WhiteElo "2564"]
[BlackElo "2435"]
[PlyCount "123"]
[EventDate "2018.07.06"]
[EventType "swiss"]
[EventRounds "9"]
[EventCountry "GER"]
[SourceTitle "CBM 185 Extra"]
[Source "ChessBase"]
[SourceDate "2018.07.29"]
[SourceVersion "1"]
[SourceVersionDate "2018.07.29"]
[SourceQuality "1"]

1. e4 c6 2. Nf3 d5 3. Nc3 Nf6 4. e5 Ne4 5. Ne2 Qb6 6. d4 e6 7. Ng3 c5 8. c3 Nc6 9. Bd3 cxd4 10. Nxe4 dxe4 11. Bxe4 dxc3 12. bxc3 Qa5 13. 0-0 Nxe5 14. Rb1 Nxf3+ 15. Qxf3 Bd6 16. Rd1 Qc7 17. Ba3 Bxa3 18. Bxb7 0-0 19. Bxa8 Bc5 20. Qc6 Qe5 21. Re1 Qf5 22. Qf3 Qg5 23. Bb7 Bd7 24. Bc6 Bc8 25. a4 g6 26. Red1 Bb6 27. Rb2 Kg7 28. Rbd2 Ba6 29. g3 Kg8 30. h4 Qc5 31. Bb5 Bc8 32. Qc6 Qe5 33. Kh2 Qf5 34. Bd3 Qe5 35. Bf1 Ba5 36. Bg2 Qxc3 37. Qxc3 Bxc3 38. Rd8 Ba5 39. Rxf8+ Kxf8 40. Bc6 Ke7 41. Kg2 h6 42. h5 g5 43. g4 Bc7 44. f3 Bd6 45. Rb1 Bc7 46. Rb3 a5 47. Kf2 Bd6 48. Rb1 Ba6 49. Bb5 Bb7 50. Ke2 Bf4 51. Rb2 Be5 52. Rc2 Bd6 53. Bd3 Kd8 54. Be4 Bc8 55. Kd3 Bd7 56. Bc6 Bc8 57. Kd4 Ke7 58. Rc1 Ba6 59. Be4 Be2 60. Bb7 Bf4 61. Re1 e5+ 62. Kc3 1-0

[Event "Copenhagen Challenge"]
[Site "Ballerup"]
[Date "2018.04.26"]
[Round "3"]
[White "Genov, Petar"]
[Black "Boe, Mads"]
[Result "1-0"]
[WhiteElo "2435"]
[BlackElo "2301"]
[PlyCount "85"]
[EventDate "2018.04.25"]
[EventType "swiss"]
[EventRounds "9"]
[EventCountry "DEN"]
[SourceTitle "CBM 184 Extra"]
[Source "ChessBase"]
[SourceDate "2018.06.28"]
[SourceVersion "1"]
[SourceVersionDate "2018.06.28"]
[SourceQuality "1"]

1. d4 Nf6 2. Nf3 e6 3. g3 c5 4. Bg2 Nc6 5. 0-0 cxd4 6. Nxd4 Bc5 7. Nb3 Bb6 8. c4 d5 9. cxd5 Nxd5 10. Na3 0-0 11. Nc4 Bc7 12. Ne3 Nde7 13. Bd2 a5 14. Rc1 Nb4 15. a3 Nbd5 16. Qc2 Bb8 17. Nxd5 exd5 18. Nd4 Be5 19. Bc3 Bxd4 20. Bxd4 Be6 21. Qd2 Qd7 22. Rfd1 Nc6 23. Bc3 Rad8 24. Bxa5 Nxa5 25. Qxa5 Rc8 26. Rxc8 Rxc8 27. Qd2 Qa4 28. Rc1 Rc6 29. h4 h6 30. e3 Qb3 31. Rxc6 bxc6 32. e4 Qc4 33. exd5 cxd5 34. Qc3 Qe2 35. Bf3 Qb5 36. b4 Qd7 37. Qd4 Qa4 38. Qd3 d4 39. Qxd4 Qxa3 40. Be4 g6 41. b5 Qc1+ 42. Kh2 Qf1 43. b6 1-0

[Event "Lueneburg IM"]
[Site "Lueneburg"]
[Date "2017.07.12"]
[Round "5"]
[White "Lubbe, Melanie"]
[Black "Genov, Petar"]
[Result "0-1"]
[WhiteElo "2275"]
[BlackElo "2458"]
[PlyCount "116"]
[EventDate "2017.07.08"]
[EventType "tourn"]
[EventRounds "9"]
[EventCountry "GER"]
[EventCategory "2"]
[SourceTitle "CBM 179 Extra"]
[Source "ChessBase"]
[SourceDate "2017.08.23"]
[SourceVersion "1"]
[SourceVersionDate "2017.08.23"]
[SourceQuality "1"]

1. e4 c5 2. Nf3 d6 3. d4 cxd4 4. Nxd4 Nf6 5. Nc3 a6 6. Be3 e6 7. Bd3 b5 8. a3 Bb7 9. 0-0 Nbd7 10. f4 Rc8 11. Qf3 g6 12. Kh1 Bg7 13. Rae1 0-0 14. Qh3 Nc5 15. Bf2 e5 16. fxe5 dxe5 17. Nb3 Nxb3 18. cxb3 Nh5 19. Bc2 Nf4 20. Qe3 Ne6 21. b4 Nd4 22. Bb1 Kh8 23. Qh3 Qd6 24. Rd1 Rc7 25. Rd2 Qe6 26. Qxe6 fxe6 27. g3 Bh6 28. Rdd1 Kg7 29. Bg1 Rxf1 30. Rxf1 Nb3 31. Bc2 Nd2 32. Re1 Nc4 33. Bc5 Bd2 34. Rf1 Nxb2 35. Nb1 Bg5 36. Rf2 Nc4 37. Bd3 Rd7 38. Bc2 Be3 39. Bf8+ Kg8 40. Rf3 Bc1 41. Bc5 Rf7 42. Rb3 Bb2 43. Nd2 Nxd2 44. Rxb2 Bxe4+ 45. Bxe4 Nxe4 46. Kg2 Kg7 47. Re2 Nxc5 48. bxc5 Rc7 49. Rc2 e4 50. Kf2 Kf6 51. Ke3 Ke5 52. h4 Kd5 53. Rd2+ Kxc5 54. Kxe4 a5 55. h5 gxh5 56. Rh2 Rg7 57. Rxh5+ Kc4 58. Kf4 Rb7 0-1

[Event "Lueneburg IM"]
[Site "Lueneburg"]
[Date "2017.07.09"]
[Round "2"]
[White "Genov, Petar"]
[Black "Budzyn, Matthias"]
[Result "1-0"]
[WhiteElo "2458"]
[BlackElo "2108"]
[PlyCount "85"]
[EventDate "2017.07.08"]
[EventType "tourn"]
[EventRounds "9"]
[EventCountry "GER"]
[EventCategory "2"]
[SourceTitle "CBM 179 Extra"]
[Source "ChessBase"]
[SourceDate "2017.08.23"]
[SourceVersion "1"]
[SourceVersionDate "2017.08.23"]
[SourceQuality "1"]

1. b3 e5 2. Bb2 Nc6 3. e3 Nf6 4. Bb5 Bd6 5. Bxc6 dxc6 6. d3 Qe7 7. Nd2 0-0 8. Ngf3 b5 9. 0-0 Re8 10. h3 a6 11. Re1 h6 12. c4 c5 13. Nh2 Bf5 14. e4 Bd7 15. f4 Nh7 16. Ndf3 f6 17. f5 Nf8 18. Nh4 Red8 19. Re3 Qf7 20. Rg3 Kh8 21. Qe2 Be8 22. Rf1 Qh5 23. Rg4 Be7 24. Rf3 Nh7 25. Rfg3 Ng5 26. N4f3 bxc4 27. bxc4 Rab8 28. Rh4 Nxf3+ 29. Nxf3 Qf7 30. Kh2 Rxb2 31. Qxb2 Rxd3 32. Rhg4 Rd6 33. Nh4 Bf8 34. Ng6+ Kg8 35. Qb8 Rd7 36. Qa8 Bd6 37. Qxa6 Kh7 38. Qa8 Qg8 39. Rb3 Be7 40. Rb8 h5 41. Rxe8 hxg4 42. Rxg8 g3+ 43. Kxg3 1-0

[Event "Veliko Gradiste Silver Lake op"]
[Site "Veliko Gradiste"]
[Date "2016.06.20"]
[Round "2"]
[White "Genov, Petar"]
[Black "Milovic, Jovan"]
[Result "1/2-1/2"]
[WhiteElo "2457"]
[BlackElo "2347"]
[PlyCount "31"]
[EventDate "2016.06.19"]
[EventType "swiss"]
[EventRounds "9"]
[EventCountry "SRB"]
[SourceTitle "CBM 173 Extra"]
[Source "ChessBase"]
[SourceDate "2016.08.29"]
[SourceVersion "1"]
[SourceVersionDate "2016.08.29"]
[SourceQuality "1"]

1. c4 Nc6 2. Nc3 g6 3. g3 Bg7 4. Bg2 e5 5. e3 f5 6. d3 Nf6 7. Nge2 0-0 8. b3 d6 9. Bb2 g5 10. Qd2 f4 11. exf4 gxf4 12. gxf4 Ng4 13. Ne4 exf4 14. Bxg7 Kxg7 15. Nxf4 Qh4 16. 0-0-0 1/2-1/2

[Event "ESP-chT CECLUB Div1"]
[Site "Linares"]
[Date "2014.09.08"]
[Round "7.2"]
[White "Genov, Petar"]
[Black "Guerra Bastida, Diego"]
[Result "1/2-1/2"]
[WhiteElo "2443"]
[BlackElo "2344"]
[PlyCount "60"]
[EventDate "2014.09.04"]
[EventType "team-tourn"]
[EventRounds "9"]
[EventCountry "ESP"]
[SourceTitle "CBM 162 Extra"]
[Source "ChessBase"]
[SourceDate "2014.10.17"]
[SourceVersion "1"]
[SourceVersionDate "2014.10.17"]
[SourceQuality "1"]
[WhiteTeam "Silla Lopez Instalaciones"]
[BlackTeam "Vigo Universidad"]
[WhiteTeamCountry "ESP"]
[BlackTeamCountry "ESP"]

1. Nf3 c5 2. b3 d5 3. Bb2 f6 4. e3 e5 5. Bb5+ Bd7 6. Bxd7+ Qxd7 7. 0-0 Nc6 8. d3 0-0-0 9. Qe2 Nge7 10. a3 g5 11. b4 g4 12. Nfd2 Ng6 13. bxc5 Bxc5 14. d4 exd4 15. Nb3 Bb6 16. Nxd4 Nxd4 17. Bxd4 Bxd4 18. exd4 Kb8 19. Nc3 Rc8 20. Qd3 Ka8 21. Rfe1 f5 22. Rab1 f4 23. Rb3 Rhe8 24. Rbb1 Rxe1+ 25. Rxe1 Qc6 26. Nd1 a6 27. c3 Re8 28. Kf1 Rxe1+ 29. Kxe1 Qe6+ 30. Kd2 Ka7 1/2-1/2